United States squad Copa America 2024 - Statistics

General Stats
  • This quiz has been taken 11 times
  • The average score is 17 of 27
Answer Stats
Hint Answer % Correct
FW Christian Pulisic
100%
GK Matt Turner
100%
MF Gio Reyna
90%
MF Tyler Adams
90%
MF Weston McKennie
90%
DF Antonee Robinson
80%
FW Josh Sargent
80%
DF Miles Robinson
80%
DF Tim Ream
80%
FW Tim Weah
80%
MF Yunus Musah
80%
DF Cameron Carter-Vickers
70%
FW Folarin Balogun
70%
Manager Gregg Berhalter
70%
DF Joe Scally
70%
GK Sean Johnson
70%
FW Brenden Aaronson
60%
GK Ethan Horvath
60%
FW Haji Wright
50%
FW Ricardo Pepi
50%
DF Chris Richards
40%
MF Johnny Cardoso
40%
MF Luca de la Torre
40%
DF Kristoffer Lund
30%
DF Mark McKenzie
30%
DF Shaq Moore
20%
MF Malik Tillman
10%
No matching quizzes found
Score Distribution
Percent of People with Each Score
Percentile by Number Answered
Your Score History
You have not taken this quiz